000 00399pab a2200157 454500
008 180718b2004 xxu||||| |||| 00| 0 eng d
100 _aSahni, Rohini
245 _aGATS and higher education: some reflections
260 _c2004
300 _ap.2174-180.
362 _a22 May
650 _aHigher education
700 _aKale, Sumita
773 _aEconomic and Political Weekly
909 _a60579
999 _c60579
_d60579